Riconosci il Pokémon - Quiz n°590 - Statistics

Statistiche generali
  • Questo quiz è stato fatto 3 volte
  • Il punteggio medio è 7 su 10
Statistiche sulle risposte
Indizio Risposta % Corretto
Peso 35,0 kg
100%
Tipo Acciaio / Veleno
100%
Tasso di allevamento Medio-Veloce
100%
Altezza 1,0 m
67%
Tasso di cattura 190 (35.2%)
67%
Sesso 50% ♂, 50% ♀
67%
Stadio evoluzione Base
67%
Abilità Copricapo; Lentoinizio
67%
Generazione Nona
67%
Pokémon Varoom
33%
Nessun quiz corrispondente trovato
Distribuzione punteggi
Percentuale di utenti per punteggio
Percentile per numero di risposta
I tuoi punteggi nel tempo
Non hai fatto questo quiz